Statystyki dla Quiz z końcówek deklinacji w j. łacińskim

Kliknij tutaj aby rozwiązać quiz!

Ogólne statystyki

  • Ten quiz został rozwiązany 23 razy
  • Średni wynik to 76 z 96

Statystyki odpowiedzi

PrzypadekKońcówka% Poprawnych
N. sing.a
100%
Abl. sing.a
100%
V. sing.a
100%
D. sing.ae
100%
N. plur.ae
100%
G. sing.ae
100%
Acc. sing.am
100%
G. plur.arum
100%
V. plur.ae
90%
D. plur.is
90%
Abl. plur.is
90%
V. plur.a
80%
V. plur.a
80%
N. plur.a
80%
Acc. plur.a
80%
Acc. plur.a
80%
N. plur.a
80%
Acc. plur.as
80%
V. sing.e
80%
Abl. sing.e
80%
Abl. sing.e
80%
Abl. sing.e
80%
Acc. sing.em
80%
Acc. sing.em
80%
N. sing.er
80%
V. sing.er
80%
N. plur.es
80%
V. plur.es
80%
Acc. plur.es
80%
N. plur.es
80%
Acc. plur.es
80%
V. plur.es
80%
N. plur.i
80%
D. sing.i
80%
V. plur.i
80%
D. sing.i
80%
G. sing.i
80%
G. sing.i
80%
D. sing.i
80%
V. plur.i
80%
G. sing.i
80%
D. sing.i
80%
N. plur.i
80%
Abl. plur.ibus
80%
D. plur.ibus
80%
D. plur.ibus
80%
Abl. plur.ibus
80%
D. plur.ibus
80%
Abl. plur.ibus
80%
D. plur.ibus
80%
Abl. plur.ibus
80%
D. plur.is
80%
G. sing.is
80%
G. sing.is
80%
G. sing.is
80%
Abl. plur.is
80%
D. plur.is
80%
D. plur.is
80%
G. sing.is
80%
Abl. plur.is
80%
Abl. plur.is
80%
G. plur.ium
80%
G. plur.ium
80%
Abl. sing.o
80%
D. sing.o
80%
Abl. sing.o
80%
Abl. sing.o
80%
D. sing.o
80%
D. sing.o
80%
G. plur.orum
80%
G. plur.orum
80%
G. plur.orum
80%
Acc. sing.um
80%
V. sing.um
80%
G. plur.um
80%
Acc. sing.um
80%
G. plur.um
80%
N. sing.um
80%
Acc. sing.um
80%
N. sing.us
80%
Abl. sing.i
70%
Acc. plur.ia
70%
N. plur.ia
70%
V. plur.ia
70%
Acc. plur.os
70%
Acc. plur.os
70%
N. sing.brak
60%
V. sing.brak
60%
V. sing.brak
60%
Acc. sing.brak
60%
N. sing.brak
60%
V. sing.brak
60%
V. sing.brak
60%
Acc. sing.brak
60%
N. sing.brak
60%
N. sing.brak
60%

Rozkład punktacji

Percentyl według liczby udzielonych odpowiedzi

Procent ludzi z każdym wynikiem

Twoja historia wyników

Nie rozwiązałeś tego quizu